| 000 | 00827cam a2200313 4500500 | ||
|---|---|---|---|
| 005 | 20260405003350.0 | ||
| 041 | _afre | ||
| 042 | _adc | ||
| 100 | 1 | 0 |
_aChanthanakone, Antony _eauthor |
| 245 | 0 | 0 | _a“Honneur” |
| 260 | _c2021. | ||
| 500 | _a93 | ||
| 690 | _aAppiah | ||
| 690 | _aAristocratie | ||
| 690 | _aDémocratie | ||
| 690 | _aÉtat | ||
| 690 | _aFriedrich Nietzsche | ||
| 690 | _aHonneur | ||
| 690 | _aInégalité | ||
| 690 | _aKwame Anthony Appiah | ||
| 690 | _aMontesquieu | ||
| 690 | _aMorale | ||
| 690 | _aNietzsche | ||
| 690 | _aPlaton | ||
| 690 | _aTocqueville | ||
| 690 | _aVertu | ||
| 786 | 0 | _nPhilosophie magazine | 153 | 10 | 2021-10-01 | p. 56-56 | 1951-1787 | |
| 856 | 4 | 1 | _uhttps://shs.cairn.info/magazine-philosophie-magazine-2021-10-page-56?lang=fr&redirect-ssocas=7080 |
| 999 |
_c2066870 _d2066870 |
||